| 000 | 00705nam a22002297a 4500 | ||
|---|---|---|---|
| 003 | UA-OsUOA | ||
| 001 | 64505 | ||
| 007 | ta | ||
| 008 | 20091105b un ||||| |||| 00| 0 ukr d | ||
| 090 |
_a908 _bМ62 |
||
| 942 | _cBK | ||
| 040 |
_aUA-OsUOA _bukr _cUA-OsUOA _dUA-OsUOA |
||
| 245 |
_aМинуле і сучасне Волині _bТези доповідей та повідомлень ІІ-ї Волинської історико-краєзначої конференції 26-28 травня 1988 р. |
||
| 300 | _a208 с. | ||
| 955 | _a4 | ||
| 041 | _aukr | ||
| 080 | _a908 | ||
| 260 |
_aЛуцьк _c1988 |
||
| 246 | 3 | 1 |
_aЧ.2 _n |
| 650 | 7 |
_a908 Краєзнавство _2UDC |
|
| 999 |
_c350763 _d350763 |
||